000 00725cam a22002413a 4500
001 4116
003 PGUSA
005 20140828083048.0
008 030601s2003||||xxu|||||s|||||000 | eng d
040 _aPGUSA
_beng
042 _adc
050 4 _aE011
100 1 _aYoung, Filson,
_d1876-1938
245 1 0 _aChristopher Columbus and the New World of His Discovery — Complete
_h[electronic resource] /
_cFilson Young
260 _bProject Gutenberg,
_c2003
506 _aPublic domain in the USA.
516 _aElectronic text
653 _aColumbus, Christopher
653 _aAmerica -- Discovery and exploration
830 0 _aProject Gutenberg
_v4116
856 4 0 _uhttp://www.gutenberg.org/ebooks/4116
942 _cEB
999 _c233445
_d233445